Derecho administrativo chileno
Збережено в:
| Автор: | |
|---|---|
| Формат: | Невідомо |
| Мова: | Англійська |
| Опубліковано: |
Ciudad de México, México.
Porrúa; UNAM,
2007
|
| Предмети: | |
| Теги: |
Додати тег
Немає тегів, Будьте першим, хто поставить тег для цього запису!
|
MARC
| LEADER | 00000 a2200000 4500 | ||
|---|---|---|---|
| 003 | CL-VaPUC | ||
| 005 | 20230302172741.0 | ||
| 008 | 210914b2007 ||||| |||| 00| 0 eng d | ||
| 999 | |c 433578 |d 433576 | ||
| 020 | |a 9789700770734 | ||
| 040 | |c Pontificia Universidad Católica de Valparaíso | ||
| 082 | |a 342.8306 PAN 2007 | ||
| 100 | |a Pantoja Bauzá, Rolando |e coordinador |9 863026 | ||
| 245 | |a Derecho administrativo chileno | ||
| 260 | |a Ciudad de México, México. |b Porrúa; |b UNAM, |c 2007 | ||
| 300 | |a 999 páginas | ||
| 583 | |k Cristina María Rojas Aguilar |c 20210914 | ||
| 650 | 0 | |a Derecho administrativo chileno |9 461009 | |
| 650 | 0 | |a Función administrativa |9 384495 | |
| 650 | 0 | |a Actos administrativos |9 256128 | |
| 942 | |2 ddc |c BK | ||
| 952 | |0 0 |1 0 |2 ddc |4 0 |6 342_830600000000000_PAN_2007 |7 0 |8 A |9 578841 |a BIBDER |b BIBDER |d 2021-09-14 |e 41 |g 26478.27 |i 5588553 |o 342.8306 PAN 2007 |p 5588553 |r 2023-01-25 |t 2 |v 26478.27 |w 2021-09-14 |y BK |k DER | ||